000 00428nam a22001457a 4500
020 _a0132971941
082 _a620.106
_bMAR
_cl-38, P-186
100 _aMartin, Hugh
_940696
245 _aThe design of hydraulic components and systems
_cMartin, Hugh
260 _aLondon
_bEllis HORWOOD
_c1995
300 _axvii, 255 p. :
_bill, ;
_c24 cm.
526 _a0
_b0
_c0
_d620_106000000000000_MAR
650 _aMCE
_9379
942 _2ddc
_cBK
999 _c544954
_d544954